000 00276nam a2200133Ia 4500
100 _aSwaminathan
942 _cBK
654 _aCosting
245 _aLectures on Costing
260 _bS.Chand & co
_aNew Delhi
_c1985
082 _a657.4
300 _a471
546 _aENGLISH
999 _c21990
_d21990